Statistiques concernant Les Meilleurs buteurs de le Championnat d'Allemagne 2015-2016

Cliquez ici pour prendre le quiz!

Statistiques générales

  • Ce quiz a été pris 37 fois
  • Le résultat moyen est 5 sur 10

Statistiques - réponses

ButsNationalitéClubJoueur% Correct
25GabonBorussia Dortmund Pierre-Emerick Aubameyang
97%
30PologneBayern Munich Robert Lewandowski
95%
20AllemagneBayern Munich Thomas Müller
89%
15France1.FC Cologne Anthony Modeste
76%
17MexiqueBayer Leverkusen Chicharito
51%
14Côte d'IvoireHertha BerlinSalomon Kalou
38%
14PeruWerder Brême Claudio Pizarro
27%
13BrésilBorussia Mönchengladbach Raffael
16%
13AllemagneVfB StuttgartDaniel Didavi
0%
14AllemagneSV Darmstadt 98Sandro Wagner
0%

Distribution des résultats

Percentile par nombre de réponses

% des personnes avec chaque résultat

Votre développement - résultats

Vous n’avez pas pris ce quiz